An overview of the rubberwood industry (Record no. 54190)

MARC details
000 -LEADER
fixed length control field 00434nam a2200133Ia 4500
100 ## - MAIN ENTRY--AUTHOR NAME
Personal name Huang Tong Kok
245 #3 - TITLE STATEMENT
Title An overview of the rubberwood industry
260 ## - PUBLICATION, DISTRIBUTION, ETC. (IMPRINT)
Name of publisher In: Ensuring sustainability and competitiveness of the NR industry, 1996, RRIM, Malaysia, pp. 287-308
Year of publication 1996
650 ## - SUBJECT ADDED ENTRY--TOPICAL TERM
Topical Term Ecofriendly
650 ## - SUBJECT ADDED ENTRY--TOPICAL TERM
Topical Term Rubberwood industry
650 ## - SUBJECT ADDED ENTRY--TOPICAL TERM
Topical Term Timber resources
942 ## - ADDED ENTRY ELEMENTS (KOHA)
Koha item type Journals
Holdings
Withdrawn status Lost status Damaged status Not for loan Home library Current library Shelving location Date acquired Koha item type
      Journals RRII Library RRII Library Rubber general 17/12/2021 Journals